Kvantifikácia vplyvu vybraných faktorov na zánik podnikov na Slovensku v čase pred a počas pandémie Covid-19

Vytváranie priaznivých podmienok v podnikateľskej sfére je jednou z kľúčových priorít Európskej únie, pričom každá členská krajina implementuje ciele stratégie EÚ do svojich národných strategických dokumentov. Cieľom tohto príspevku je modelovanie, resp. kvantifikovanie dopadu úmrtia podnikateľských...

Celý popis

Uložené v:
Podrobná bibliografia
Hlavný autor: Vojtková, Mária, 1966-
Médium: Kapitola
Jazyk:Slovak
Predmet:
Tagy: Pridať tag
Žiadne tagy, Buďte prvý, kto otaguje tento záznam!

MARC

LEADER 00000naa$a2200000$$$4500
001 0297521
005 20240502074514.7
041 0 |a slo 
044 |a SK 
245 1 0 |a Kvantifikácia vplyvu vybraných faktorov na zánik podnikov na Slovensku v čase pred a počas pandémie Covid-19  |c Mária Vojtková 
520 |a Vytváranie priaznivých podmienok v podnikateľskej sfére je jednou z kľúčových priorít Európskej únie, pričom každá členská krajina implementuje ciele stratégie EÚ do svojich národných strategických dokumentov. Cieľom tohto príspevku je modelovanie, resp. kvantifikovanie dopadu úmrtia podnikateľských subjektov na Slovensku v rokoch 2019 a 2020 z vybraných faktorov pomocou logistickej regresie. Rozhodli sme sa zistiť, ktorý z vybraných faktorov (právna forma podniku; veľkostná skupina podľa priemerného evidenčného počtu zamestnancov; kraj; hospodárska činnosť vykonávaná podnikom) najviac ovplyvnil zánik podnikov v období pred a počas r. pandémie, čo nám umožní určiť najviac a najmenej ohrozené kategórie podnikov. Analýza bola založená na databáze Business demography, pričom samotné spracovanie bolo realizované pomocou štatistického nástroja SAS Enterprise Guide 7.1. 
610 2 0 |a podnik 
610 2 0 |a demokracia podniková 
610 2 0 |a modely štatistické 
610 2 0 |a prostredie podnikateľské 
610 2 0 |a pandémia 
100 1 |a Vojtková, Mária, 1966-